000 00395 a2200145 4500
020 _a9694040248
082 _a560
090 _c6124
_d6124
100 _aSiddiqui,Seema Naz.
245 _aA Course of Paleontology.
_bKnowledge of Fossils.
_cSeema Naz Siddiqui.
260 _aKarachi.
_bFederal Urdu University.
_c2004.
300 _a328p.
500 _aPaper cover.
942 _aNBS
_cBK
_k560 SEM
999 _c348506
_d348506